00860nam a22002537a 45000050016000000100014000160200026000300350013000560370013000690820014000821000029000962450093001252600034002182700048002523000024003005000019003246500035003436500036003787000009004147000009004239420028004329990017004609520129004772010080205235.0 aENG-97920 a9788120341180c550.00 aEN-81453 bDBAD/PUB a005.71376 aStanek, William R.95187 aMicrosoft exchange server 2010 :cby William R. Stanekbadministrator's pocket consultan aNew DelhibPHI learningc2010 aM-97, Connaught Circus, bNew Delhie110001 a664 p. c22cm (Pbk) aIncludes index aClient server computing 95188 aMicrosoft exchange server95189 94162 95167 2ddccENh005.71376mSTA c38976d38976 001040718NFICaDBADbDBADd2010-08-03g550.00l0o005.71376 STApEN-81453r2010-08-03 00:00:00t1v550.00w2010-08-03yEN